000 01311nam a22002897a 4500
999 _c119615
_d119615
003 dpl
005 20190425124948.0
008 190425b ||||| |||| 00| 0 eng d
010 _aB-137441
020 _c00.00
_a817917073
035 _aB-137441, B-136323
037 _bCen Lib/Ret
040 _aDPL
_bHN
_c0
082 _a306
_bश्रीमाली
100 _aश्रीमाली, कृष्ण मोहन
_985873
245 _aधर्म, समाज और संस्कृति /
_cकृष्ण मोहन श्रीमाली
246 _aDharm, samaj aur sanskriti /
_bby Krishna Mohan Shrimali
260 _bग्रंथ शिल्पी
_c2005
_aदिल्ली
270 _aबी-7, सरस्वती काम्प्लेक्स, लक्ष्मी नगर
_bदिल्ली
_e110092
300 _a264पृ.
_c21सेमी(सजिल्द)
500 _aअनुक्रमाणिका शामिल
650 _aधर्म -- सामाजिक स्तरीकरण
_945349
650 _aधर्म और समाज
_97376
650 _aReligion - social stratification
_985874
650 _aReligion and Society
_912662
942 _2ddc
_cHN
_h306
_mश्रीमाली